=LDR 00000nam 2200000 4500 =001 INLIS000000000037777 =005 20130612143505 =008 ***********************************Ind** =035 ##$$0010-061300000037777 =041 ##$$a Ind =082 ##$$a 641.5 =090 ##$$a 641.5, Sut h =100 ##$$a Sutomo, Budi =245 ##$$a Hidangan favorit berkuah, Budi Sutomo =260 ##$$a 2009 $b Jakarta =300 ##$$a 48 hlm, ilus, 20 cm =650 ##$$a Masakan, resep =850 ##$$a NBPNMAT =990 ##$$a 0001/BPAP-NTB/2016